Kúpele - Trenč. Teplice - Bad Basin č. 1.

Zobrazenie: V bielom orámovaní - pohľad do bazéna Sina so stĺporadím, v bazéne štyri osoby, v pozadí muž v bielom oblečení

Bibliographic Details
Format: Postcard
Language:Slovak
German
PhysicalDescription:1 pohľadnica čiernobiela 9 x 14 cm
Published: Trenč. Teplice Joža Holas, knihkupectvo [1937?]
Subjects:

MARC

LEADER 00000ckm a2200000 a 4500
001 vtls011769008
003 SK-MaSNL
005 20260512123534.0
007 kp bo
008 240703q1937 xo g 00 kuslo
015 |a SNBG1937 
035 |a urn:nbn:sk:snk-km00efz2 
035 |a urn:nbn:sk:snk-km43d1l 
035 |a BF2CFAFF-12AB-45F7-A21D-7088694E798F 
040 |a SNK  |b slo  |c SNK  |e AACR2 
041 0 |a slo  |a ger 
043 |a e-xo--- 
044 |a xo  |c SK 
072 7 |a 913  |x Regionálna geografia  |2 konspekt 
080 |a 913(437.6)  |2 2011 
080 |a 711.455:615.838  |2 2011 
080 |a (084.121)  |2 2011 
080 |a 725.1:613.47  |2 2011 
080 |a 614.2:[725.1:614.21]  |2 2011 
245 0 0 |a Kúpele - Trenč. Teplice - Bad  |h grafika  |b Basin č. 1. 
246 3 3 |a Trenč. Teplice - Bad 
246 3 3 |a Kúpele - Trenč. Teplice 
260 |a Trenč. Teplice  |b Joža Holas, knihkupectvo  |c [1937?] 
300 |a 1 pohľadnica  |b čiernobiela  |c 9 x 14 cm 
500 |a Názvové údaje prevzaté z obrazovej časti pohľadnice 
500 |a Na adresnej časti pohľadnice uvedené: Pravá fotografie 
500 |a Na adresnej časti uvedené: "1" 
520 8 |a Zobrazenie: V bielom orámovaní - pohľad do bazéna Sina so stĺporadím, v bazéne štyri osoby, v pozadí muž v bielom oblečení 
546 |a Hlavný názov je kombináciou dvoch jazykov: slovenčiny a nemčiny 
610 2 7 |a Kúpele Trenčianske Teplice (Slovensko)  |2 SNKKA  |9 189670 
650 0 7 |a kúpele  |2 SNKPH  |9 1139 
650 0 7 |a bazény  |2 SNKPH  |9 30214 
650 0 7 |a liečebne  |2 SNKPH  |9 56920 
651 7 |a Trenčianske Teplice (Slovensko)  |2 SNKPHgeo  |9 14503 
655 7 |a miestne pohľadnice  |2 SNKPH  |9 70510 
752 |a Slovensko  |d Trenčianske Teplice 
852 |a Slovenská národná knižnica 
958 |a EUIPO 
958 |a GBN 
958 |a GC 
958 |a OND 
999 |c 770639  |d 772569 
952 |a SNK  |b SNK  |y PREZ  |7 0  |p 17A1334630  |o snkSP 58045  |z Pohľadnica prešla poštou.  |0 0  |1 0  |4 0  |d 2018-07-25  |f 1  |l 0  |r 2026-02-24 00:33:36  |w 2026-02-24